[Event "Reviakino"]
[Site "Reviakino"]
[Date "2017.12.27"]
[Round "10"]
[White "Domogaev, Sergey"]
[Black "Volkov, Nikita Ya"]
[Result "1/2-1/2"]
[WhiteElo "2412"]
[BlackElo "2289"]
[PlyCount "40"]
[EventDate "2017.12.22"]
[EventType "tourn"]
[EventRounds "13"]
[EventCountry "RUS"]
[SourceTitle "CBM 182 Extra"]
[Source "ChessBase"]
[SourceDate "2018.02.23"]
[SourceVersion "1"]
[SourceVersionDate "2018.02.23"]
[SourceQuality "1"]

1. d4 d5 2. c4 e6 3. Nf3 Nf6 4. Nc3 c6 5. Bg5 Be7 6. e3 Nbd7 7. Bd3 0-0 8. 0-0 dxc4 9. Bxc4 Nd5 10. Bxe7 Qxe7 11. Rc1 Nxc3 12. Rxc3 e5 13. dxe5 Nxe5 14. Nxe5 Qxe5 15. Qb3 Qe7 16. Rd1 Bf5 17. Bd3 Be6 18. Bc4 Bf5 19. Bd3 Be6 20. Bc4 Bf5 1/2-1/2

[Event "Reviakino"]
[Site "Reviakino"]
[Date "2017.12.26"]
[Round "8"]
[White "Moiseenko, Vladimir"]
[Black "Volkov, Nikita Ya"]
[Result "1/2-1/2"]
[WhiteElo "2257"]
[BlackElo "2289"]
[PlyCount "60"]
[EventDate "2017.12.22"]
[EventType "tourn"]
[EventRounds "13"]
[EventCountry "RUS"]
[SourceTitle "CBM 182 Extra"]
[Source "ChessBase"]
[SourceDate "2018.02.23"]
[SourceVersion "1"]
[SourceVersionDate "2018.02.23"]
[SourceQuality "1"]

1. e4 e6 2. d4 d5 3. exd5 exd5 4. c4 Nf6 5. Nc3 Bb4 6. Bd3 0-0 7. Nge2 dxc4 8. Bxc4 Nbd7 9. 0-0 Nb6 10. Bb3 c6 11. Bg5 h6 12. Bh4 Re8 13. Nf4 Bxc3 14. bxc3 Bf5 15. Nh5 Nbd7 16. Nxf6+ Nxf6 17. Qf3 Be6 18. Bxf6 Qxf6 19. Qxf6 gxf6 20. Bxe6 fxe6 21. a4 Rad8 22. a5 e5 23. dxe5 Rxe5 24. Rfb1 Rd7 25. f3 Kf7 26. Ra2 h5 27. Kf2 Kg6 28. Kg3 Rg5+ 29. Kf2 Re5 30. Kg3 Rg5+ 1/2-1/2

[Event "Reviakino"]
[Site "Reviakino"]
[Date "2017.12.24"]
[Round "4"]
[White "Kozlov, Mikhail P"]
[Black "Volkov, Nikita Ya"]
[Result "0-1"]
[WhiteElo "2160"]
[BlackElo "2289"]
[PlyCount "58"]
[EventDate "2017.12.22"]
[EventType "tourn"]
[EventRounds "13"]
[EventCountry "RUS"]
[SourceTitle "CBM 182 Extra"]
[Source "ChessBase"]
[SourceDate "2018.02.23"]
[SourceVersion "1"]
[SourceVersionDate "2018.02.23"]
[SourceQuality "1"]

1. e4 e6 2. Nf3 d5 3. e5 c5 4. b4 cxb4 5. a3 Qa5 6. Bb2 Nc6 7. Be2 Qb6 8. 0-0 Nh6 9. d4 Nf5 10. g4 bxa3 11. Bc3 Nfe7 12. Nxa3 Ng6 13. Qd2 Be7 14. Rfb1 Qd8 15. Bb2 0-0 16. c4 Na5 17. Bc3 Nxc4 18. Nxc4 dxc4 19. Bxc4 b6 20. Qe3 Bb7 21. Ba6 Bd5 22. Rc1 f5 23. exf6 Rxf6 24. Ne5 Nxe5 25. dxe5 Rf3 26. Qe2 Bc5 27. Be1 Qh4 28. Ra4 Rg3+ 29. Kf1 Qh3# 0-1

[Event "Reviakino"]
[Site "Reviakino"]
[Date "2017.12.24"]
[Round "5"]
[White "Volkov, Nikita Ya"]
[Black "Moiseev, Viktor"]
[Result "1/2-1/2"]
[WhiteElo "2289"]
[BlackElo "2390"]
[PlyCount "32"]
[EventDate "2017.12.22"]
[EventType "tourn"]
[EventRounds "13"]
[EventCountry "RUS"]
[SourceTitle "CBM 182 Extra"]
[Source "ChessBase"]
[SourceDate "2018.02.23"]
[SourceVersion "1"]
[SourceVersionDate "2018.02.23"]
[SourceQuality "1"]

1. e4 e5 2. Nf3 Nf6 3. Nc3 Nc6 4. Bb5 Bb4 5. 0-0 0-0 6. d3 d6 7. Bg5 Bxc3 8. bxc3 Qe7 9. Re1 Nd8 10. d4 Ne6 11. Bc1 Rd8 12. Ba3 c5 13. g3 Nc7 14. Bd3 Bg4 15. d5 Qd7 16. Bc1 Qa4 1/2-1/2